00610nam a22001697a 4500003000900000008004100009020001500050040007100065082001500136100002900151245006400180260005600244300002500300505006800325650002000393650002700413AR-CdUCM190225b ||||| |||| 00| 0 spa d a9681615263 aMUNICIPALIDAD PROVINCIAL DEL CUSCOcBIBLIOTECA MUNICIPAL DEL CUSCO a870 /bV39 aLópez Velarde, Ramón aLa Suave Patria:by otros Poemas /cRamón López Velarde aMéxico :bSecretaria de Eduacion Publica ,c1979. a164 paginas,c21 cm. aContenido: Poesía Latinoamericana -- Poesía Romántica ... aPoesia Mexicana aPoesia Latinoamericana